| 000 | 00560nam a22001697a 4500 | ||
|---|---|---|---|
| 003 | BD-DhUL | ||
| 005 | 20190722102739.0 | ||
| 008 | 190722s1984 ii ||||| |||| 00| 0 urd d | ||
| 040 |
_aBD-DhUL _cBD-DhUL |
||
| 082 |
_a891.431 _bMIM |
||
| 100 | 0 | _aمیر حسن دہلوی | |
| 245 | 1 | 0 |
_aمثنوی سحر البیان (ْقصہ بے نظیر وبدر منیر) / _cمیر حسن دہلوی |
| 260 |
_aعلی گڑھ : _bایحو کیشنل بک باؤ س، _c۱۹۸۴۔ |
||
| 300 |
_aص۔ ۱۶۰ ؛ _c۱۸ سم۔ |
||
| 650 | 4 | _aUrdu poetry | |
| 942 |
_2ddc _cBK |
||
| 999 |
_c248919 _d248919 |
||